LIBRARY ONLINE CATALOGUE

Evangelical futures : (Record no. 7608)

MARC details
000 -LEADER
fixed length control field 00656nam a22002052 4500
001 - CONTROL NUMBER
control field 0000008501
005 - DATE AND TIME OF LATEST TRANSACTION
control field 20151217152034.0
008 - FIXED-LENGTH DATA ELEMENTS--GENERAL INFORMATION
fixed length control field 080416s xx 000 0 eng d
020 ## - INTERNATIONAL STANDARD BOOK NUMBER
International Standard Book Number 0801022460 :
Terms of availability KES n1900
040 ## - CATALOGING SOURCE
Original cataloging agency KABU
Transcribing agency KABU
245 10 - TITLE STATEMENT
Title Evangelical futures :
Remainder of title a conversation on theological method /
Statement of responsibility, etc. John G. Stackhouse, Jr., editor.
260 ## - PUBLICATION, DISTRIBUTION, ETC. (IMPRINT)
Place of publication, distribution, etc. Grand Rapids, MI :
Name of publisher, distributor, etc. Baker Books,
Date of publication, distribution, etc. 2000.
300 ## - PHYSICAL DESCRIPTION
Extent 214 p.
650 #0 - SUBJECT ADDED ENTRY--TOPICAL TERM
Topical term or geographic name as entry element Evangelicalism.
-- 0000148902
650 #0 - SUBJECT ADDED ENTRY--TOPICAL TERM
Topical term or geographic name as entry element Theology, Doctrinal.
-- 0000100890
700 1# - ADDED ENTRY--PERSONAL NAME
Personal name Stackhouse, John G.
-- 0000159112
908 ## - PUT COMMAND PARAMETER (RLIN)
Put command parameter 080416
950 ## - LOCAL HOLDINGS (RLIN)
-- 1
Holdings
Withdrawn status Lost status Source of classification or shelving scheme Not for loan Home library Current library Date acquired Total Checkouts Full call number Barcode Date last seen Price effective from Koha item type
    Library of Congress Classification   Kabarak, Main Campus Kabarak, Main Campus 17/12/2015   BR1640 .E94 005961 02/08/2024 17/12/2015 General Collection